Statistics for Lana Del Rey - Old Money Lyrics

Click here to take the quiz!

General Stats

  • This quiz has been taken 62 times
  • The average score is 242 of 267

Answer Stats

Answer% Correct
and
100%
And
100%
come
100%
I
100%
I'll
100%
me
100%
run
100%
to
100%
you
100%
call
98%
cash
98%
For
98%
for
98%
If
98%
if
98%
know
98%
Blue
96%
but
96%
But
96%
divine
96%
The
96%
the
96%
been?
94%
cold
94%
go?
94%
have
94%
of
94%
sunshine
94%
Where
94%
did
92%
is
92%
pretty
92%
young
92%
City
90%
girl
90%
New
90%
on
90%
used
90%
were
90%
white
90%
York
90%
cologne
88%
oh
88%
Oh
88%
Queen
88%
send
88%
long
85%
my
85%
My
85%
nights
85%
Red
85%
so
85%
Those
85%
ago
83%
cars
83%
hydrangea
83%
love
83%
racing
83%
summer
83%
when
83%
ah
81%
Ah
81%
Cashmere
81%
Sunset
81%
kids
79%
mind
79%
your
79%
mother's
77%
still
77%
Vine
77%
From
75%
from
75%
glamour
75%
power
75%
seem
75%
was
75%
always
73%
beauty
73%
father's
73%
felt
73%
inside
73%
lives
73%
not
73%
Will
73%
alone
71%
reasons
71%
time
71%
unknown
71%
Yet
71%
youth
71%
change
69%
I'm
67%
shine?
67%
strong
65%
words
65%
out
63%
small
56%
town
56%
Sunsets
54%

Score Distribution

Percentile by Number Answered

Percent of People with Each Score

Your Score History

You have not taken this quiz